[Event "63. Polonia ch 2006"]
[Site "Krakow POL"]
[Date "2006.02.25"]
[Round "1.2"]
[White "Urban, Klaudiusz"]
[Black "Heberla, Bartolomiej"]
[Result "1/2-1/2"]
[WhiteElo "2462"]
[BlackElo "2487"]
[PlyCount "52"]
[EventDate "2006.02.25"]
[EventType "tourn"]
[EventRounds "13"]
[EventCountry "POL"]
[EventCategory "12"]
[Source "lmi"]
[SourceDate "2006.03.09"]

1. Nf3 g6 2. d4 Bg7 3. c4 c5 4. d5 d6 5. e4 e6 6. Nc3 Ne7 7. Bd3 O-O 8. h3 exd5
9. exd5 h6 10. Bf4 g5 11. Bd2 Ng6 12. Qc2 Nd7 13. O-O Nde5 14. Nxe5 Nxe5 15. f4
Nxd3 16. Qxd3 f5 17. Rab1 Qf6 18. Ne2 Bd7 19. Bc3 Qg6 20. Bxg7 Qxg7 21. Ng3
Rae8 22. Rf2 Re7 23. Rbf1 g4 24. hxg4 Qxg4 25. Re2 Rfe8 26. Rfe1 Rxe2 1/2-1/2

[Event "63. Polonia ch 2006"]
[Site "Krakow POL"]
[Date "2006.02.25"]
[Round "1.3"]
[White "Dziuba, Marcin"]
[Black "Macieja, Bartlomiej"]
[Result "1/2-1/2"]
[WhiteElo "2491"]
[BlackElo "2585"]
[PlyCount "99"]
[EventDate "2006.02.25"]
[EventType "tourn"]
[EventRounds "13"]
[EventCountry "POL"]
[EventCategory "12"]
[Source "lmi"]
[SourceDate "2006.03.09"]

1. d4 Nf6 2. c4 e6 3. Nf3 b6 4. g3 Ba6 5. b3 Bb4+ 6. Bd2 Be7 7. Bg2 c6 8. Bc3
d5 9. Ne5 Nfd7 10. Nxd7 Nxd7 11. Nd2 O-O 12. O-O Rc8 13. e4 b5 14. Re1 dxe4 15.
Nxe4 bxc4 16. Qe2 Nf6 17. Nc5 Bxc5 18. dxc5 Qe7 19. Qe5 cxb3 20. axb3 Bb5 21.
Re4 Ne8 22. b4 Rd8 23. Rh4 f6 24. Qe4 g6 25. Qe1 Ng7 26. Re4 Rfe8 27. f4 Kf7
28. h3 h5 29. g4 hxg4 30. hxg4 f5 31. Re5 fxg4 32. Rg5 Rg8 33. Qe5 Rd7 34. Rxg4
Ne8 35. Rg3 Qf6 36. Qe3 Qe7 37. Rh3 Kf8 38. Qe5 a6 39. Re1 Nc7 40. Rh8 Qf7 41.
Rxg8+ Qxg8 42. Kf2 Ne8 43. Rh1 Rh7 44. Rd1 Qg7 45. Qxg7+ Nxg7 46. Rd7 Kg8 47.
Rd8+ Kf7 48. Rd7+ Kg8 49. Rd8+ Kf7 50. Rd7+ 1/2-1/2

[Event "63. Polonia ch 2006"]
[Site "Krakow POL"]
[Date "2006.02.25"]
[Round "1.4"]
[White "Bartel, Mateusz"]
[Black "Socko, Bartosz"]
[Result "1/2-1/2"]
[WhiteElo "2524"]
[BlackElo "2610"]
[PlyCount "97"]
[EventDate "2006.02.25"]
[EventType "tourn"]
[EventRounds "13"]
[EventCountry "POL"]
[EventCategory "12"]
[Source "lmi"]
[SourceDate "2006.03.09"]

1. e4 e6 2. d4 d5 3. Nc3 Bb4 4. e5 c5 5. Bd2 Nh6 6. Bxh6 gxh6 7. a3 Ba5 8. dxc5
d4 9. b4 dxc3 10. bxa5 Qxa5 11. Qh5 Qxc5 12. Nf3 Bd7 13. Qxh6 Nc6 14. Qf6 Rg8
15. Rd1 Ne7 16. Ng5 Rxg5 17. Qxg5 O-O-O 18. Qe3 Qxa3 19. Bd3 Bc6 20. O-O Nd5
21. Qf3 Qe7 22. Be4 Qc7 23. Bxd5 Bxd5 24. Qe3 b5 25. Rd4 a5 26. Rh4 b4 27. Rxh7
Rd7 28. Ra1 Kb7 29. Rh8 Bc6 30. h4 Rd5 31. Re1 Qd7 32. Kh2 Rd4 33. Qg3 Re4 34.
Rxe4 Bxe4 35. Qg8 Ka6 36. Qb8 Qa7 37. Qd6+ Kb5 38. Qd1 Qxf2 39. Rb8+ Kc4 40.
Rc8+ Kb5 41. Qd7+ Ka6 42. Qd6+ Ka7 43. Qb8+ Ka6 44. Qd6+ Ka7 45. Qc7+ Ka6 46.
Qc4+ Kb7 47. Qc7+ Ka6 48. Qc4+ Kb7 49. Qc7+ 1/2-1/2

[Event "63. Polonia ch 2006"]
[Site "Krakow POL"]
[Date "2006.02.25"]
[Round "1.6"]
[White "Czarnota, Pawel"]
[Black "Warakomski, Tomasz"]
[Result "1-0"]
[WhiteElo "2497"]
[BlackElo "2430"]
[PlyCount "125"]
[EventDate "2006.02.25"]
[EventType "tourn"]
[EventRounds "13"]
[EventCountry "POL"]
[EventCategory "12"]
[Source "lmi"]
[SourceDate "2006.03.09"]

1. e4 e5 2. Nf3 Nc6 3. Bb5 a6 4. Ba4 Nf6 5. O-O Be7 6. Re1 b5 7. Bb3 O-O 8. a4
Bb7 9. c3 d5 10. axb5 axb5 11. Rxa8 Bxa8 12. d4 Nxe4 13. dxe5 Bc5 14. Re2 Re8
15. Nbd2 Bb6 16. Bc2 f5 17. exf6 Nxf6 18. Nf1 Na5 19. Rxe8+ Qxe8 20. Be3 Bxe3
21. Nxe3 Nc4 22. Nxc4 dxc4 23. h3 Bd5 24. Nd4 c6 25. Qd2 Qe5 26. Nf5 g6 27. Ng3
Bf7 28. f4 Qc5+ 29. Kh2 Nd5 30. Be4 Qd6 31. Bxd5 Bxd5 32. Qe3 Qf6 33. Qe8+ Kg7
34. f5 Qg5 35. fxg6 hxg6 36. Qe2 Qf4 37. Qe7+ Kg8 38. Qe1 Kg7 39. Kg1 Qg5 40.
Qf2 Qc1+ 41. Kh2 Qg5 42. Nf1 Qe5+ 43. Kg1 Qe4 44. Ne3 Be6 45. Nc2 c5 46. Ne1
Bd5 47. Nf3 b4 48. Qe1 Qf5 49. Qe7+ Kh6 50. Ne5 g5 51. Ng4+ Kg6 52. Qxc5 bxc3
53. bxc3 Qe6 54. Qf8 Qb6+ 55. Kh1 Qe6 56. Kh2 Bc6 57. Qh6+ Kf5 58. Qh7+ Kf4 59.
Qb1 Qe2 60. Qb8+ Kf5 61. Qf8+ Ke4 62. Qe7+ Kd3 63. Qd6+ 1-0

[Event "63. Polonia ch 2006"]
[Site "Krakow POL"]
[Date "2006.02.26"]
[Round "2.5"]
[White "Macieja, Bartlomiej"]
[Black "Bartel, Mateusz"]
[Result "1/2-1/2"]
[WhiteElo "2585"]
[BlackElo "2524"]
[PlyCount "64"]
[EventDate "2006.02.25"]
[EventType "tourn"]
[EventRounds "13"]
[EventCountry "POL"]
[EventCategory "12"]
[Source "lmi"]
[SourceDate "2006.03.09"]

1. e4 e5 2. Nf3 Nc6 3. Bb5 a6 4. Ba4 Nf6 5. O-O Be7 6. Re1 b5 7. Bb3 d6 8. c3
O-O 9. h3 Na5 10. Bc2 c5 11. d4 Qc7 12. d5 Bd7 13. Nbd2 c4 14. Nf1 Rab8 15. b4
Nb7 16. a4 bxa4 17. Bxa4 a5 18. Bg5 axb4 19. cxb4 Rfc8 20. Bxd7 Qxd7 21. Qc2
Nh5 22. Bd2 Nf4 23. Bxf4 exf4 24. e5 dxe5 25. Nxe5 Qxd5 26. Rad1 Qb5 27. Nd7
Bxb4 28. Re5 Nc5 29. Nxb8 Qxb8 30. Red5 Ne6 31. Nh2 Bf8 32. Nf3 c3 1/2-1/2

[Event "63. Polonia ch 2006"]
[Site "Krakow POL"]
[Date "2006.02.26"]
[Round "2.6"]
[White "Heberla, Bartolomiej"]
[Black "Dziuba, Marcin"]
[Result "1/2-1/2"]
[WhiteElo "2487"]
[BlackElo "2491"]
[PlyCount "27"]
[EventDate "2006.02.25"]
[EventType "tourn"]
[EventRounds "13"]
[EventCountry "POL"]
[EventCategory "12"]
[Source "lmi"]
[SourceDate "2006.03.09"]

1. e4 c6 2. d4 d5 3. e5 Bf5 4. Nf3 e6 5. a3 Nd7 6. Be2 Bg6 7. O-O Nh6 8. Nbd2
Be7 9. Re1 Nf5 10. Nf1 O-O 11. Ng3 Nh4 12. Nxh4 Bxh4 13. Be3 c5 14. c4 1/2-1/2

[Event "63. Polonia ch 2006"]
[Site "Krakow POL"]
[Date "2006.02.26"]
[Round "2.7"]
[White "Bobras, Piotr"]
[Black "Urban, Klaudiusz"]
[Result "1/2-1/2"]
[WhiteElo "2531"]
[BlackElo "2462"]
[PlyCount "45"]
[EventDate "2006.02.25"]
[EventType "tourn"]
[EventRounds "13"]
[EventCountry "POL"]
[EventCategory "12"]
[Source "lmi"]
[SourceDate "2006.03.09"]

1. e4 c6 2. d4 d5 3. e5 c5 4. Nf3 cxd4 5. Nxd4 e6 6. c4 a6 7. Nc3 Ne7 8. Bf4
Nbc6 9. Nxc6 bxc6 10. Bd3 Ng6 11. Bg3 d4 12. Ne2 Qa5+ 13. Kf1 c5 14. Nc1 Bb7
15. h4 Ne7 16. h5 Qb6 17. Qe2 Nf5 18. Bf4 Qc6 19. Rh2 Be7 20. Nb3 a5 21. Nd2 g5
22. hxg6 fxg6 23. Ne4 1/2-1/2

[Event "63. Polonia ch 2006"]
[Site "Krakow POL"]
[Date "2006.02.27"]
[Round "3.3"]
[White "Bartel, Mateusz"]
[Black "Heberla, Bartolomiej"]
[Result "0-1"]
[WhiteElo "2524"]
[BlackElo "2487"]
[PlyCount "94"]
[EventDate "2006.02.25"]
[EventType "tourn"]
[EventRounds "13"]
[EventCountry "POL"]
[EventCategory "12"]
[Source "lmi"]
[SourceDate "2006.03.09"]

1. Nf3 Nf6 2. d4 e6 3. c4 d5 4. Nc3 dxc4 5. e3 a6 6. Bxc4 b5 7. Be2 c5 8. O-O
Bb7 9. dxc5 Qxd1 10. Rxd1 Bxc5 11. a3 Nbd7 12. b4 Be7 13. Bb2 O-O 14. Nd2 Nb6
15. Nb3 Rac8 16. Rac1 Nfd5 17. Nxd5 Bxd5 18. Nc5 Bc4 19. Nd3 Bb3 20. Rxc8 Rxc8
21. Rc1 Rxc1+ 22. Nxc1 Bc4 23. Bd1 Bd5 24. Nd3 Nc4 25. Bc1 e5 26. f3 e4 27. Nf4
Bc6 28. fxe4 Bxe4 29. Bf3 Bxf3 30. gxf3 f5 31. Nd5 Bd6 32. Kf2 Kf7 33. f4 Ke6
34. Nc3 Be7 35. Ke2 Bf6 36. Nb1 Kd5 37. Kd3 h6 38. Bd2 Nxd2 39. Nxd2 Bb2 40.
Nb1 g5 41. Kc2 Bf6 42. fxg5 hxg5 43. Nd2 g4 44. Kd3 Bb2 45. Nb3 Be5 46. Ke2
Bxh2 47. Nc1 Kc4 0-1

[Event "63. Polonia ch 2006"]
[Site "Krakow POL"]
[Date "2006.02.27"]
[Round "3.5"]
[White "Czarnota, Pawel"]
[Black "Socko, Bartosz"]
[Result "1/2-1/2"]
[WhiteElo "2497"]
[BlackElo "2610"]
[PlyCount "39"]
[EventDate "2006.02.25"]
[EventType "tourn"]
[EventRounds "13"]
[EventCountry "POL"]
[EventCategory "12"]
[Source "lmi"]
[SourceDate "2006.03.09"]

1. e4 e5 2. Nf3 Nc6 3. Bb5 a6 4. Ba4 Nf6 5. O-O Be7 6. Re1 b5 7. Bb3 d6 8. a4
b4 9. d4 Bg4 10. dxe5 Nxe5 11. Nbd2 Qc8 12. h3 Bh5 13. g4 Nexg4 14. hxg4 Qxg4+
15. Kf1 Nd7 16. Bc4 Qh3+ 17. Kg1 Qg4+ 18. Kf1 Qh3+ 19. Kg1 Qg4+ 20. Kf1 1/2-1/2

[Event "63. Polonia ch 2006"]
[Site "Krakow POL"]
[Date "2006.02.28"]
[Round "4.2"]
[White "Grabarczyk, Miroslaw"]
[Black "Gajewski, Grzegorz"]
[Result "1/2-1/2"]
[WhiteElo "2479"]
[BlackElo "2486"]
[PlyCount "29"]
[EventDate "2006.02.25"]
[EventType "tourn"]
[EventRounds "13"]
[EventCountry "POL"]
[EventCategory "12"]
[Source "lmi"]
[SourceDate "2006.03.09"]

1. d4 Nf6 2. c4 e6 3. Nc3 Bb4 4. Qc2 d5 5. cxd5 exd5 6. Nf3 Ne4 7. Bd2 Nxd2 8.
Qxd2 O-O 9. a3 Be7 10. g3 Bf5 11. Bg2 c6 12. O-O Nd7 13. Rfc1 Nb6 14. b3 a5 15.
a4 1/2-1/2

[Event "63. Polonia ch 2006"]
[Site "Krakow POL"]
[Date "2006.02.28"]
[Round "4.4"]
[White "Macieja, Bartlomiej"]
[Black "Czarnota, Pawel"]
[Result "0-1"]
[WhiteElo "2585"]
[BlackElo "2497"]
[PlyCount "82"]
[EventDate "2006.02.25"]
[EventType "tourn"]
[EventRounds "13"]
[EventCountry "POL"]
[EventCategory "12"]
[Source "lmi"]
[SourceDate "2006.03.09"]

1. e4 c6 2. d4 d5 3. Nc3 dxe4 4. Nxe4 Bf5 5. Ng3 Bg6 6. h4 h6 7. Nf3 Nd7 8. h5
Bh7 9. Bd3 Bxd3 10. Qxd3 e6 11. Bf4 Qa5+ 12. Bd2 Bb4 13. Ne4 Ngf6 14. Nd6+ Ke7
15. Nc4 Bxd2+ 16. Nfxd2 Qc7 17. Ne4 Nxe4 18. Qxe4 Rhd8 19. O-O-O Kf8 20. f4 Nf6
21. Qf3 c5 22. dxc5 Qxc5 23. Ne5 Nd5 24. Kb1 Kg8 25. a3 b5 26. g4 Rac8 27. c3
a5 28. g5 b4 29. axb4 axb4 30. c4 Ne3 31. Rxd8+ Rxd8 32. Qb7 Nxc4 33. Qxf7+ Kh8
34. Nxc4 Qxc4 35. Qg6 Ra8 36. Rc1 Qa2+ 37. Kc2 Qc4+ 38. Kb1 Qa2+ 39. Kc2 Rc8+
40. Kd3 Qb3+ 41. Ke4 Rd8 0-1

[Event "63. Polonia ch 2006"]
[Site "Krakow POL"]
[Date "2006.02.28"]
[Round "4.6"]
[White "Bobras, Piotr"]
[Black "Bartel, Mateusz"]
[Result "0-1"]
[WhiteElo "2531"]
[BlackElo "2524"]
[PlyCount "112"]
[EventDate "2006.02.25"]
[EventType "tourn"]
[EventRounds "13"]
[EventCountry "POL"]
[EventCategory "12"]
[Source "lmi"]
[SourceDate "2006.03.09"]

1. e4 e6 2. d4 d5 3. Nc3 Bb4 4. e5 c5 5. a3 Ba5 6. b4 cxd4 7. Nb5 Bc7 8. f4 Bd7
9. Nf3 Nh6 10. Nxc7+ Qxc7 11. Bd3 a6 12. a4 Nc6 13. Rb1 Ne7 14. b5 axb5 15.
axb5 Nef5 16. Qe2 O-O 17. O-O Qb6 18. Rb4 Qc5 19. Bd2 Ra2 20. Rfb1 Rfa8 21. h3
Ng3 22. Qf2 Nhf5 23. Nxd4 Nxd4 24. Kh2 Nb3 25. Be1 Qxf2 26. Bxf2 Nd2 27. Kxg3
Nxb1 28. Rxb1 Ra1 29. Rb2 R8a2 30. Rb3 Ra3 31. Rb4 R1a2 32. Be3 Rxc2 33. Bxc2
Rxe3+ 34. Kf2 Rc3 35. Bd1 Rc4 36. Rxc4 dxc4 37. Ba4 h5 38. g3 h4 39. gxh4 Kh7
40. Ke3 Kh6 41. Kd4 b6 42. Kxc4 Kh5 43. Bd1+ Kxh4 44. Bf3 Kg3 45. Bc6 Bc8 46.
Be8 Kxf4 47. Bxf7 Kxe5 48. h4 Bb7 49. Kd3 Bd5 50. h5 Kd6 51. Be8 Ke7 52. Bg6
Bg2 53. Ke2 Bh3 54. Ke3 Bf5 55. Bxf5 exf5 56. Kf3 Ke6 0-1

[Event "63. Polonia ch 2006"]
[Site "Krakow POL"]
[Date "2006.02.28"]
[Round "4.7"]
[White "Urban, Klaudiusz"]
[Black "Dziuba, Marcin"]
[Result "0-1"]
[WhiteElo "2462"]
[BlackElo "2491"]
[PlyCount "78"]
[EventDate "2006.02.25"]
[EventType "tourn"]
[EventRounds "13"]
[EventCountry "POL"]
[EventCategory "12"]
[Source "lmi"]
[SourceDate "2006.03.09"]

1. Nf3 d5 2. g3 c6 3. Bg2 Bg4 4. c4 e6 5. cxd5 exd5 6. O-O Nf6 7. d3 Be7 8. h3
Bxf3 9. Bxf3 Nbd7 10. Bg2 d4 11. Nd2 a5 12. Nf3 Nc5 13. b3 O-O 14. Bb2 Ne6 15.
Rc1 Qb6 16. Rc4 Rad8 17. Re1 Rfe8 18. a3 c5 19. Rc1 Nd5 20. Qc2 Qd6 21. Nd2 b6
22. Qc4 Nec7 23. a4 Kh8 24. Nf1 Bg5 25. Rcd1 f5 26. Kh1 f4 27. g4 Qh6 28. Nd2
Bh4 29. Ne4 Nf6 30. Nxf6 Qxf6 31. Kg1 Ne6 32. Bc1 Ng5 33. Bd2 Rd6 34. Qc1 Rf8
35. Qc4 Bxf2+ 36. Kxf2 Nxh3+ 37. Bxh3 Qh4+ 38. Kf3 Qg3+ 39. Ke4 Re8+ 0-1

[Event "63. Polonia ch 2006"]
[Site "Krakow POL"]
[Date "2006.03.01"]
[Round "5.2"]
[White "Bartel, Mateusz"]
[Black "Urban, Klaudiusz"]
[Result "1-0"]
[WhiteElo "2524"]
[BlackElo "2462"]
[PlyCount "107"]
[EventDate "2006.02.25"]
[EventType "tourn"]
[EventRounds "13"]
[EventCountry "POL"]
[EventCategory "12"]
[Source "lmi"]
[SourceDate "2006.03.09"]

1. e4 c6 2. d4 d5 3. Nc3 dxe4 4. Nxe4 Bf5 5. Ng3 Bg6 6. N1e2 Nf6 7. h4 h6 8.
Nf4 Bh7 9. Bc4 e6 10. Qe2 Bd6 11. Nfh5 Nxh5 12. Nxh5 Rg8 13. Bf4 Bg6 14. Bd2
Bxc2 15. Rc1 Bg6 16. Nf4 Bxf4 17. Bxf4 Nd7 18. O-O Nf6 19. Be5 Nd5 20. Rfe1 Rc8
21. Qd2 f6 22. Bh2 Kf7 23. h5 Bxh5 24. Rc3 Qd7 25. Ra3 a6 26. Bd3 g5 27. Rb3
Rce8 28. Bh7 Rg7 29. Be4 Bg6 30. Bxd5 exd5 31. Rxe8 Kxe8 32. Qb4 Re7 33. Bd6
Re6 34. Bc5 Bc2 35. Rh3 f5 36. Qd2 Bb1 37. Ba3 Kf7 38. Qb4 Qc8 39. Re3 b5 40.
Rc3 f4 41. Rc1 Bf5 42. Qc3 Kg6 43. Bc5 h5 44. Qa3 Qe8 45. Qxa6 f3 46. Bb4 fxg2
47. Qb7 Be4 48. Qc7 h4 49. Bd6 Qf7 50. Qxf7+ Kxf7 51. Rxc6 Kg6 52. Rb6 Kf5 53.
Bc5 Re8 54. Bd6 1-0

[Event "63. Polonia ch 2006"]
[Site "Krakow POL"]
[Date "2006.03.01"]
[Round "5.3"]
[White "Kempinski, Robert"]
[Black "Bobras, Piotr"]
[Result "1/2-1/2"]
[WhiteElo "2619"]
[BlackElo "2531"]
[PlyCount "117"]
[EventDate "2006.02.25"]
[EventType "tourn"]
[EventRounds "13"]
[EventCountry "POL"]
[EventCategory "12"]
[Source "lmi"]
[SourceDate "2006.03.09"]

1. d4 Nf6 2. c4 g6 3. g3 Bg7 4. Bg2 d5 5. cxd5 Nxd5 6. Nf3 Nb6 7. Nc3 Nc6 8. e3
O-O 9. O-O Re8 10. d5 Na5 11. Nd4 Bd7 12. e4 c6 13. Re1 cxd5 14. exd5 Rc8 15.
Rb1 Nac4 16. b3 Nd6 17. Bb2 Rc5 18. Qd2 Qc7 19. Ba1 Rc8 20. Rbc1 Qd8 21. h3 h5
22. a4 Nf5 23. Nde2 R8c7 24. b4 Rc4 25. a5 Nc8 26. Ne4 Rxc1 27. Rxc1 Rxc1+ 28.
Qxc1 Bxa1 29. Qxa1 Ncd6 30. Nxd6 Nxd6 31. Qe5 Bb5 32. Nd4 Bc4 33. Bf3 a6 34.
Kh2 Qc7 35. Bxh5 Nb5 36. Qxc7 Nxc7 37. d6 exd6 38. Bf3 d5 39. h4 Kg7 40. Bg2
Ne6 41. Nxe6+ fxe6 42. f4 d4 43. Bf3 d3 44. Bd1 Kf6 45. Kg2 e5 46. Kf3 Bd5+ 47.
Ke3 e4 48. g4 Kg7 49. g5 Kh7 50. Bg4 Kg7 51. f5 Kf7 52. h5 gxh5 53. Bxh5+ Ke7
54. Bd1 Kd6 55. Kd4 Ke7 56. Ke3 Kd6 57. Kd4 Ke7 58. Ba4 Kf7 59. Bd1 1/2-1/2

[Event "63. Polonia ch 2006"]
[Site "Krakow POL"]
[Date "2006.03.01"]
[Round "5.4"]
[White "Czarnota, Pawel"]
[Black "Heberla, Bartolomiej"]
[Result "1/2-1/2"]
[WhiteElo "2497"]
[BlackElo "2487"]
[PlyCount "51"]
[EventDate "2006.02.25"]
[EventType "tourn"]
[EventRounds "13"]
[EventCountry "POL"]
[EventCategory "12"]
[Source "lmi"]
[SourceDate "2006.03.09"]

1. e4 c5 2. Nf3 d6 3. d4 cxd4 4. Nxd4 Nf6 5. Nc3 a6 6. Be3 e5 7. Nb3 Be6 8. Be2
Be7 9. O-O O-O 10. Qd2 Nbd7 11. a4 Nb6 12. a5 Nc4 13. Bxc4 Bxc4 14. Rfd1 Rc8
15. Nc1 Qc7 16. Nd3 d5 17. Bb6 Qb8 18. exd5 Nxd5 19. Nxd5 Bxd5 20. Nxe5 Qxe5
21. Qxd5 Qxd5 22. Rxd5 Rxc2 23. Rd7 Bf6 24. Rxb7 Rxb2 25. Rd1 Bd4 26. Ra7
1/2-1/2

[Event "63. Polonia ch 2006"]
[Site "Krakow POL"]
[Date "2006.03.01"]
[Round "5.7"]
[White "Warakomski, Tomasz"]
[Black "Grabarczyk, Miroslaw"]
[Result "1-0"]
[WhiteElo "2430"]
[BlackElo "2479"]
[PlyCount "67"]
[EventDate "2006.02.25"]
[EventType "tourn"]
[EventRounds "13"]
[EventCountry "POL"]
[EventCategory "12"]
[Source "lmi"]
[SourceDate "2006.03.09"]

1. e4 e5 2. Nf3 Nc6 3. Bb5 Nf6 4. O-O Nxe4 5. d4 Nd6 6. Bxc6 dxc6 7. dxe5 Nf5
8. Qxd8+ Kxd8 9. Nc3 h6 10. h3 Bd7 11. Bf4 Be7 12. Rad1 Kc8 13. Ne4 h5 14. Neg5
f6 15. exf6 gxf6 16. Ne4 a5 17. Rfe1 Re8 18. Bd2 c5 19. Bc3 Ra6 20. Rd5 Nd4 21.
Nxd4 cxd4 22. Rxd4 Re6 23. Rdd1 a4 24. Ng3 h4 25. Nh5 Rg8 26. Rxe6 Bxe6 27. Re1
Kd7 28. Bxf6 Bb4 29. c3 Bc5 30. Bxh4 Rh8 31. Nf6+ Kd6 32. Ne4+ Kd5 33. Nxc5
Kxc5 34. Be7+ 1-0

[Event "63. Polonia ch 2006"]
[Site "Krakow POL"]
[Date "2006.03.02"]
[Round "6.2"]
[White "Socko, Bartosz"]
[Black "Warakomski, Tomasz"]
[Result "1-0"]
[WhiteElo "2610"]
[BlackElo "2430"]
[PlyCount "127"]
[EventDate "2006.02.25"]
[EventType "tourn"]
[EventRounds "13"]
[EventCountry "POL"]
[EventCategory "12"]
[Source "lmi"]
[SourceDate "2006.03.09"]

1. e4 e5 2. Nf3 Nc6 3. d4 exd4 4. Nxd4 Bc5 5. Nxc6 Qf6 6. Qd2 bxc6 7. Bd3 Ne7
8. Qf4 Qxf4 9. Bxf4 d6 10. Nd2 Be6 11. Nb3 Bb6 12. Ba6 Bc8 13. Bxc8 Rxc8 14. c4
Ng6 15. Bg3 O-O 16. O-O Rce8 17. Rfe1 Ne5 18. c5 dxc5 19. Bxe5 Rxe5 20. Nd2
Rfe8 21. f3 c4+ 22. Kf1 Bd4 23. Nxc4 Rb5 24. Re2 Reb8 25. Rd1 c5 26. Rdd2 a5
27. f4 a4 28. g3 Rb4 29. Rc2 g6 30. e5 Kf8 31. Ke1 Ke7 32. Kd1 Ke6 33. Kc1 Kd5
34. Ne3+ Ke6 35. Nd1 a3 36. b3 Rd8 37. Red2 Rbb8 38. Rc4 h5 39. Kc2 Rb4 40.
Rxc5 Bxc5 41. Rxd8 Re4 42. Nc3 Re1 43. Rd1 Rxd1 44. Kxd1 Bg1 45. Ke2 Bxh2 46.
Kf3 Bg1 47. Nb5 g5 48. Nxa3 gxf4 49. Kxf4 Bf2 50. Nc2 h4 51. gxh4 Bxh4 52. Nd4+
Kd5 53. Nf3 Be7 54. Kf5 c5 55. Nd2 Bd8 56. Nc4 Be7 57. a3 Bd8 58. a4 Be7 59. a5
Kc6 60. a6 Bh4 61. Kg4 Bd8 62. Kf4 Be7 63. Nd6 Kb6 64. Nc8+ 1-0

[Event "63. Polonia ch 2006"]
[Site "Krakow POL"]
[Date "2006.03.02"]
[Round "6.3"]
[White "Macieja, Bartlomiej"]
[Black "Gajewski, Grzegorz"]
[Result "1-0"]
[WhiteElo "2585"]
[BlackElo "2486"]
[PlyCount "65"]
[EventDate "2006.02.25"]
[EventType "tourn"]
[EventRounds "13"]
[EventCountry "POL"]
[EventCategory "12"]
[Source "lmi"]
[SourceDate "2006.03.09"]

1. e4 e5 2. Nf3 Nc6 3. Bb5 Nf6 4. d3 Bc5 5. Bxc6 dxc6 6. Nc3 O-O 7. h3 h6 8.
Ne2 Re8 9. g4 h5 10. gxh5 Nxh5 11. Bg5 Qd6 12. Nh4 Bb4+ 13. c3 Bc5 14. Qd2 Be6
15. Rg1 Kh7 16. Ng3 Nxg3 17. Rxg3 Qd7 18. O-O-O Bf8 19. Qe2 g6 20. Rdg1 Bxa2
21. f4 exf4 22. Bxf4 Re6 23. Nf3 Kg8 24. h4 Bg7 25. h5 c5 26. hxg6 fxg6 27. Nh4
c4 28. Rxg6 Rxg6 29. Rxg6 cxd3 30. Qg2 Rf8 31. Nf5 Rxf5 32. exf5 Bd5 33. Rxg7+
1-0

[Event "63. Polonia ch 2006"]
[Site "Krakow POL"]
[Date "2006.03.02"]
[Round "6.4"]
[White "Heberla, Bartolomiej"]
[Black "Markowski, Tomasz"]
[Result "1-0"]
[WhiteElo "2487"]
[BlackElo "2565"]
[PlyCount "67"]
[EventDate "2006.02.25"]
[EventType "tourn"]
[EventRounds "13"]
[EventCountry "POL"]
[EventCategory "12"]
[Source "lmi"]
[SourceDate "2006.03.09"]

1. e4 d6 2. f4 Nf6 3. Nc3 c5 4. Nf3 e6 5. d4 cxd4 6. Nxd4 Be7 7. Be2 O-O 8. O-O
Nc6 9. Be3 e5 10. Nb3 a5 11. a4 Nb4 12. Qd2 Qc7 13. Bf3 Be6 14. Rad1 Rfc8 15.
Qf2 Ra6 16. fxe5 dxe5 17. Nc5 Bxc5 18. Bxc5 h6 19. Be3 Ng4 20. Bxg4 Bxg4 21.
Rd2 Qe7 22. h3 Be6 23. Rfd1 Rac6 24. Bb6 Bxh3 25. gxh3 Qe6 26. Bxa5 Qxh3 27.
Rd6 Qg4+ 28. Qg2 Qxg2+ 29. Kxg2 Nxc2 30. Bb6 Kf8 31. Rxc6 Rxc6 32. Rd8+ Ke7 33.
Rb8 Rg6+ 34. Kf2 1-0

[Event "63. Polonia ch 2006"]
[Site "Krakow POL"]
[Date "2006.03.02"]
[Round "6.5"]
[White "Bobras, Piotr"]
[Black "Czarnota, Pawel"]
[Result "1/2-1/2"]
[WhiteElo "2531"]
[BlackElo "2497"]
[PlyCount "46"]
[EventDate "2006.02.25"]
[EventType "tourn"]
[EventRounds "13"]
[EventCountry "POL"]
[EventCategory "12"]
[Source "lmi"]
[SourceDate "2006.03.09"]

1. d4 d5 2. c4 c6 3. Nc3 Nf6 4. Nf3 e6 5. Bg5 h6 6. Bh4 dxc4 7. e4 g5 8. Bg3 b5
9. Be2 Bb7 10. h4 g4 11. Ne5 h5 12. O-O Bg7 13. Qc2 Nfd7 14. Nxd7 Nxd7 15. e5
Qb6 16. a4 c5 17. Nxb5 O-O 18. Bxc4 cxd4 19. Qe2 Qc6 20. f4 gxf3 21. gxf3 d3
22. Bxd3 Nxe5 23. Be4 Qc5+ 1/2-1/2

[Event "63. Polonia ch 2006"]
[Site "Krakow POL"]
[Date "2006.03.02"]
[Round "6.6"]
[White "Urban, Klaudiusz"]
[Black "Kempinski, Robert"]
[Result "1/2-1/2"]
[WhiteElo "2462"]
[BlackElo "2619"]
[PlyCount "52"]
[EventDate "2006.02.25"]
[EventType "tourn"]
[EventRounds "13"]
[EventCountry "POL"]
[EventCategory "12"]
[Source "lmi"]
[SourceDate "2006.03.09"]

1. Nf3 Nf6 2. c4 g6 3. g3 Bg7 4. Bg2 d5 5. cxd5 Nxd5 6. d4 Nb6 7. Nc3 Nc6 8.
O-O Nxd4 9. Nxd4 Qxd4 10. Nb5 Qc4 11. Qb3 O-O 12. Qxc4 Nxc4 13. Nxc7 Rb8 14.
Nd5 Be6 15. Rb1 Rfd8 16. Bf4 Be5 17. Bxe5 Nxe5 18. Rfd1 Kf8 19. Kf1 b5 20. Ke1
Rbc8 21. Ne3 Rxd1+ 22. Rxd1 Bxa2 23. Ra1 Bb3 24. Rxa7 Nc4 25. Bd5 Nxe3 26. Bxb3
Nc2+ 1/2-1/2

[Event "63. Polonia ch 2006"]
[Site "Krakow POL"]
[Date "2006.03.02"]
[Round "6.7"]
[White "Dziuba, Marcin"]
[Black "Bartel, Mateusz"]
[Result "0-1"]
[WhiteElo "2491"]
[BlackElo "2524"]
[PlyCount "52"]
[EventDate "2006.02.25"]
[EventType "tourn"]
[EventRounds "13"]
[EventCountry "POL"]
[EventCategory "12"]
[Source "lmi"]
[SourceDate "2006.03.09"]

1. d4 f5 2. Nc3 d5 3. f3 Nf6 4. Bg5 c6 5. Qd2 Be6 6. e3 Nbd7 7. Bd3 g6 8. Nge2
Bg7 9. e4 fxe4 10. fxe4 dxe4 11. Nxe4 Nxe4 12. Bxe4 O-O 13. Bf3 Nb6 14. Qb4 a5
15. Qc5 Rf5 16. Qxe7 Qxe7 17. Bxe7 Re8 18. Bc5 Na4 19. O-O-O Bxa2 20. Ng3 Bh6+
21. Rd2 Rf7 22. Ne4 Nxc5 23. dxc5 Bd5 24. Nd6 Rxf3 25. gxf3 Re2 26. Rhd1 Rxh2
0-1

[Event "63. Polonia ch 2006"]
[Site "Krakow POL"]
[Date "2006.03.03"]
[Round "7.5"]
[White "Warakomski, Tomasz"]
[Black "Macieja, Bartlomiej"]
[Result "0-1"]
[WhiteElo "2430"]
[BlackElo "2585"]
[PlyCount "76"]
[EventDate "2006.02.25"]
[EventType "tourn"]
[EventRounds "13"]
[EventCountry "POL"]
[EventCategory "12"]
[Source "lmi"]
[SourceDate "2006.03.09"]

1. e4 c5 2. Nf3 d6 3. d4 cxd4 4. Nxd4 Nf6 5. Nc3 e6 6. g4 h6 7. h3 a6 8. Bg2 g5
9. Be3 Nbd7 10. h4 Rg8 11. hxg5 hxg5 12. Qe2 Ne5 13. Bh3 b5 14. O-O-O b4 15.
Nb1 a5 16. a4 Ba6 17. Nb5 Rb8 18. Bd4 Bxb5 19. axb5 Nfd7 20. Nd2 Qc7 21. Nf3
Nxf3 22. Qxf3 Bg7 23. Bxg7 Rxg7 24. Bf1 Ke7 25. Rh6 Qc5 26. Be2 Rgg8 27. Rh7
Ne5 28. Qg3 Rgc8 29. Rd2 Ng6 30. Qe3 Qxe3 31. fxe3 Ne5 32. Rd4 Rc5 33. Rh5 Rbc8
34. Rd2 Nd7 35. Rh1 Nf6 36. b6 Nxe4 37. b7 Rb8 38. Rd4 Ng3 0-1